000 00372nam a2200145Ia 4500
008 240624s9999 xx 000 0 und d
041 _aeng
082 _a658.0072 SAU
100 _aSAUNDERS MARK N K
245 _aRESEARCH METHODS FOR BUSINESS STUDENTS
250 _a(8th ed.)
260 _c2019
_aNew Delhi
_bPearson
300 _axxxiii, 833 p.; 23 cm.
365 _cRS
999 _c31927
_d31927